01131nam a2200241 a 450000100100000000500170001000800410002702000150006804000250008308200200010810000260012824500300015426000450018430000210022959000260025065000270027665000310030391000370033495201320037195202460050395201230074999900170087200002213720240530073919.0100917s2003 dr 000 f spa d z9993438829 aDO-SdBNPbspacBNPHU aRD863.44bM181b1 aMadera, Osiris91488410aBolo 15 /cOsiris Madera. aSanto Domingo :bLetra Gráfica,c2003. a128 p. ;c22 cm. aInventariado, 2019/BT 0aNovela dominicana9223 0aLiteratura dominicana.967 aValidado. Control de calidad EMS 001054708DSaGRbGRcHDd2011-07-08iLF1l0oRD863.44 M181bp22137-30r2020-06-25te.3w2020-06-25yLFDSZPréstamo en sala 0010718PDaPDbPDcHDd2010-09-17iLF1l0oRD863.44 M181bp22137-10r2020-06-25w2020-06-25yLFPDzPerteneció a la biblioteca personal de Juan Isidro Jiménez Grullón, autografiado por el autor, dedicado a José Marmol.ZNo se presta 0010718PDaPDbPDcHDd2011-04-19iLF1l0oRD863.44 M181bp22137-20r2020-06-25te.2w2020-06-25yLFPDZNo se presta c21635d21635